<?xml version="1.0" encoding="UTF-8"?><?xml-stylesheet type="text/xsl" href="static/style.xsl"?><OAI-PMH xmlns="http://www.openarchives.org/OAI/2.0/" xmlns:xsi="http://www.w3.org/2001/XMLSchema-instance" xsi:schemaLocation="http://www.openarchives.org/OAI/2.0/ http://www.openarchives.org/OAI/2.0/OAI-PMH.xsd"><responseDate>2026-04-18T02:52:56Z</responseDate><request verb="GetRecord" identifier="oai:riubu.ubu.es:10259/10491" metadataPrefix="marc">https://riubu.ubu.es/oai/request</request><GetRecord><record><header><identifier>oai:riubu.ubu.es:10259/10491</identifier><datestamp>2025-07-07T07:44:54Z</datestamp><setSpec>com_10259_7072</setSpec><setSpec>com_10259_3812</setSpec><setSpec>com_10259.4_106</setSpec><setSpec>com_10259_2604</setSpec><setSpec>col_10259_10673</setSpec></header><metadata><record xmlns="http://www.loc.gov/MARC21/slim" xmlns:doc="http://www.lyncode.com/xoai" xmlns:xsi="http://www.w3.org/2001/XMLSchema-instance" xmlns:dcterms="http://purl.org/dc/terms/" xsi:schemaLocation="http://www.loc.gov/MARC21/slim http://www.loc.gov/standards/marcxml/schema/MARC21slim.xsd">
<leader>00925njm 22002777a 4500</leader>
<datafield tag="042" ind1=" " ind2=" ">
<subfield code="a">dc</subfield>
</datafield>
<datafield tag="720" ind1=" " ind2=" ">
<subfield code="a">Medina Arnáiz, Teresa</subfield>
<subfield code="e">author</subfield>
</datafield>
<datafield tag="260" ind1=" " ind2=" ">
<subfield code="c">2020</subfield>
</datafield>
<datafield tag="520" ind1=" " ind2=" ">
<subfield code="a">La adjetivación de la contratación pública como estratégica supone atender&#xd;
a objetivos de interés general desde la normativa contractual más allá de regular los procedimientos de adjudicación de las entidades del sector público. De&#xd;
forma genérica, se alude a la contratación pública estratégica para referirnos al&#xd;
hecho de que la inversión pública que acompaña la contratación tenga en cuenta&#xd;
o impulse objetivos beneficiosos para toda la sociedad -principalmente de carácter&#xd;
medioambiental y/o social- desde un planteamiento que aboga por aprovechar&#xd;
sinergias para impulsar la sostenibilidad en distintas dimensiones (económica, social, medioambiental y de gobernanza).</subfield>
</datafield>
<datafield tag="024" ind2=" " ind1="8">
<subfield code="a">9788413552736</subfield>
</datafield>
<datafield tag="024" ind2=" " ind1="8">
<subfield code="a">9788413552743</subfield>
</datafield>
<datafield tag="024" ind2=" " ind1="8">
<subfield code="a">http://hdl.handle.net/10259/10491</subfield>
</datafield>
<datafield tag="245" ind1="0" ind2="0">
<subfield code="a">La contratación pública estratégica</subfield>
</datafield>
</record></metadata></record></GetRecord></OAI-PMH>